000 00737nam a2200253 a 4500
001 30749
003 AR-BaAGN
005 20231116150257.0
007 ta
008 220625s2008 ag |||||r|||| ||||||spa d
020 _a978-987-556-212-7
040 _dAR-BaAGN
_aAR-BaAGN
_bspa
_eaacr
100 1 _aBlanas de Saddi, Georgina
245 1 0 _aManuel Belgrano :
_bsus aportes pedagógicos y su repercusión en el contexto actual : coincidencia nominal o conceptual
250 _a1ª ed.
260 _aBuenos Aires :
_bBoulevard,
_c2008.
300 _a164 páginas
336 _2rdacontent
_btxt
337 _2rdamedia
_bn
338 _2rdacarrier
_bnc
650 4 _aHISTORIA DE LA EDUCACIÓN
_9418
942 _cLIBRO
999 _c30749
_d30749